[Event "U12-U20 French Championships"]
[Site "chess24.com"]
[Date "2019.04.16"]
[Round "4"]
[White "Diez, Ambre"]
[Black "Tomasi, Elise"]
[Result "1-0"]
[Board "23"]
[WhiteElo "1775"]
[WhiteCountry "FRA"]
[WhiteFideId "36074772"]
[WhiteEloChange "14"]
[BlackElo "1904"]
[BlackCountry "FRA"]
[BlackFideId "26088843"]
[BlackEloChange "-14"]

1. Nf3 {[%clk 1:30:56]} d5 {[%clk 1:30:44]} 2. g3 {[%clk 1:31:18]} e6 {[%clk
1:30:53]} 3. Bg2 {[%clk 1:31:39]} Nf6 {[%clk 1:30:06]} 4. d4 {[%clk 1:31:37]} Be7
{[%clk 1:27:53]} 5. Nbd2 {[%clk 1:30:09]} O-O {[%clk 1:27:34]} 6. O-O {[%clk
1:30:32]} b6 {[%clk 1:26:25]} 7. c4 {[%clk 1:28:34]} Bb7 {[%clk 1:25:19]} 8. b3
{[%clk 1:27:00]} c5 {[%clk 1:25:16]} 9. Bb2 {[%clk 1:25:49]} Nc6 {[%clk 1:23:25]}
10. Rc1 {[%clk 1:14:47]} Rc8 {[%clk 1:22:00]} 11. cxd5 {[%clk 0:08:07]} Nxd5
{[%clk 0:04:57]} 12. Nc4 {[%clk 0:10:23]} Qc7 {[%clk 0:18:21]} 13. dxc5 {[%clk
0:51:33]} Bxc5 {[%clk 1:04:11]} 14. e4 {[%clk 0:51:32]} Nf6 {[%clk 0:59:44]} 15.
e5 {[%clk 0:50:14]} Nd5 {[%clk 0:59:30]} 16. Ng5 {[%clk 0:46:59]} Qe7 {[%clk
0:24:35]} 17. Ne4 {[%clk 0:45:26]} Rfd8 {[%clk 0:19:12]} 18. Ncd6 {[%clk
0:43:17]} Bxd6 {[%clk 0:17:42]} 19. Nxd6 {[%clk 0:43:36]} Rxd6 {[%clk 0:15:10]}
20. exd6 {[%clk 0:43:56]} Qxd6 {[%clk 0:15:34]} 21. Qg4 {[%clk 0:41:14]} Qf8
{[%clk 0:14:48]} 22. Rfd1 {[%clk 0:39:58]} Rd8 {[%clk 0:14:58]} 23. Rd2 {[%clk
0:37:40]} Nce7 {[%clk 0:10:54]} 24. Rcd1 {[%clk 0:31:06]} Ng6 {[%clk 0:10:33]}
25. h4 {[%clk 0:04:58]} h6 {[%clk 0:02:21]} 26. Qa4 {[%clk 0:04:47]} Qe7 {[%clk
0:08:01]} 27. h5 {[%clk 0:18:07]} Nf8 {[%clk 0:05:42]} 28. Qg4 {[%clk 0:16:23]}
Qg5 {[%clk 0:05:28]} 29. Qxg5 {[%clk 0:16:34]} hxg5 {[%clk 0:05:57]} 30. Rc1
{[%clk 0:15:28]} Rd7 {[%clk 0:05:47]} 31. Bxd5 {[%clk 0:14:44]} exd5 {[%clk
0:05:43]} 32. Be5 {[%clk 0:12:38]} Ne6 {[%clk 0:05:47]} 33. Bd4 {[%clk 0:12:12]}
Kf8 {[%clk 0:03:00]} 34. Kg2 {[%clk 0:11:51]} g4 {[%clk 0:01:37]} 35. Rh1 {[%clk
0:08:01]} Ng5 {[%clk 0:01:26]} 36. h6 {[%clk 0:08:04]} gxh6 {[%clk 0:01:45]} 37.
Rxh6 {[%clk 0:08:27]} Nf3 {[%clk 0:01:46]} 38. Bf6 {[%clk 0:08:21]} Ne1+ {[%clk
0:01:24]} 39. Kf1 {[%clk 0:08:20]} 1-0

[Event "U12-U20 French Championships"]
[Site "chess24.com"]
[Date "2019.04.16"]
[Round "4"]
[White "Randrianarimanana, Alicia"]
[Black "Konate, Salma"]
[Result "1-0"]
[Board "24"]
[WhiteElo "1861"]
[WhiteCountry "FRA"]
[WhiteFideId "36034738"]
[WhiteEloChange "6"]
[BlackElo "1695"]
[BlackCountry "FRA"]
[BlackFideId "36034975"]
[BlackEloChange "-6"]

1. Nf3 {[%clk 1:30:59]} d5 {[%clk 1:29:58]} 2. g3 {[%clk 1:31:06]} Nc6 {[%clk
1:30:14]} 3. d4 {[%clk 1:30:50]} Nf6 {[%clk 1:29:35]} 4. Bg2 {[%clk 1:31:16]} e6
{[%clk 1:29:21]} 5. O-O {[%clk 1:31:20]} b6 {[%clk 1:29:27]} 6. c4 {[%clk
1:31:44]} Bb7 {[%clk 1:29:26]} 7. b3 {[%clk 1:28:40]} Bd6 {[%clk 1:29:02]} 8. Bb2
{[%clk 1:29:01]} O-O {[%clk 1:21:59]} 9. Nc3 {[%clk 1:28:33]} dxc4 {[%clk
1:05:55]} 10. bxc4 {[%clk 1:28:46]} Na5 {[%clk 1:06:08]} 11. Qd3 {[%clk 1:27:32]}
Ba6 {[%clk 1:04:58]} 12. Nd2 {[%clk 1:27:01]} Rc8 {[%clk 1:03:45]} 13. Rac1
{[%clk 1:26:55]} Qe7 {[%clk 0:58:11]} 14. e4 {[%clk 0:56:28]} Rfd8 {[%clk
0:54:22]} 15. Nd1 {[%clk 0:51:53]} Bb4 {[%clk 0:31:00]} 16. Ne3 {[%clk 0:51:30]}
Nd7 {[%clk 0:20:22]} 17. f4 {[%clk 0:38:29]} Bb7 {[%clk 0:14:09]} 18. Rcd1 {[%clk
0:19:58]} Bc6 {[%clk 0:09:47]} 19. Qc2 {[%clk 0:17:00]} h6 {[%clk 0:01:44]} 20.
Kh1 {[%clk 0:14:45]} Bb7 {[%clk 0:01:46]} 21. Nf3 {[%clk 0:10:10]} Ba3 {[%clk
0:00:51]} 22. Ba1 {[%clk 0:10:28]} Nf6 {[%clk 0:00:55]} 23. e5 {[%clk 0:10:42]}
Be4 {[%clk 0:00:57]} 24. Qe2 {[%clk 0:10:51]} Nd7 {[%clk 0:00:51]} 25. Ng4 {[%clk
0:10:55]} Bf5 {[%clk 0:00:44]} 26. Nf2 {[%clk 0:11:01]} Qb4 {[%clk 0:00:51]} 27.
Nd2 {[%clk 0:10:17]} Bc2 {[%clk 0:00:38]} 28. Rde1 {[%clk 0:10:47]} Bh7 {[%clk
0:00:51]} 29. Nfe4 {[%clk 0:10:04]} Bb2 {[%clk 0:00:56]} 30. Rb1 {[%clk 0:10:34]}
Qe7 {[%clk 0:00:46]} 31. Bxb2 {[%clk 0:10:58]} Nb8 {[%clk 0:00:35]} 32. Rbe1
{[%clk 0:10:29]} Nac6 {[%clk 0:00:50]} 33. Nf3 {[%clk 0:10:22]} Na5 {[%clk
0:00:54]} 34. g4 {[%clk 0:10:24]} Bxe4 {[%clk 0:00:57]} 35. Qxe4 {[%clk 0:10:43]}
Nxc4 {[%clk 0:01:20]} 36. Ba1 {[%clk 0:10:36]} Qa3 {[%clk 0:01:13]} 37. Qe2
{[%clk 0:10:12]} Na5 {[%clk 0:01:18]} 38. f5 {[%clk 0:10:32]} Rd7 {[%clk
0:00:48]} 39. Nh4 {[%clk 0:10:18]} Qe7 {[%clk 0:00:40]} 40. f6 {[%clk 0:10:33]}
Qf8 {[%clk 0:00:36]} 41. fxg7 {[%clk 0:10:34]} Qxg7 {[%clk 0:00:57]} 42. Bc3
{[%clk 0:10:49]} Nac6 {[%clk 0:01:03]} 43. d5 {[%clk 0:09:05]} Ne7 {[%clk
0:00:36]} 44. dxe6 {[%clk 0:09:15]} fxe6 {[%clk 0:00:52]} 45. Qc4 {[%clk
0:07:48]} Nd5 {[%clk 0:01:01]} 46. Bd2 {[%clk 0:04:26]} Rcd8 {[%clk 0:00:33]} 47.
Bxd5 {[%clk 0:04:09]} Rxd5 {[%clk 0:00:53]} 48. Bc1 {[%clk 0:03:38]} c5 {[%clk
0:00:54]} 49. Qf4 {[%clk 0:03:58]} Rd4 {[%clk 0:00:32]} 50. Qxh6 {[%clk 0:03:57]}
Qb7+ {[%clk 0:00:30]} 51. Ng2 {[%clk 0:04:17]} 1-0

[Event "U12-U20 French Championships"]
[Site "chess24.com"]
[Date "2019.04.16"]
[Round "4"]
[White "Sabiani, Chjara"]
[Black "Courjal, Pauline"]
[Result "1-0"]
[Board "25"]
[WhiteElo "1812"]
[WhiteCountry "FRA"]
[WhiteFideId "26081369"]
[WhiteEloChange "6"]
[BlackElo "1672"]
[BlackCountry "FRA"]
[BlackFideId "45147841"]
[BlackEloChange "-6"]

1. d4 {[%clk 1:30:12]} e6 {[%clk 1:30:54]} 2. c4 {[%clk 1:29:32]} b6 {[%clk
1:31:19]} 3. Nc3 {[%clk 1:28:20]} Bb4 {[%clk 1:31:33]} 4. Qc2 {[%clk 1:26:54]}
Bb7 {[%clk 1:31:00]} 5. a3 {[%clk 1:26:02]} Bxc3+ {[%clk 1:24:02]} 6. Qxc3 {[%clk
1:25:53]} f5 {[%clk 1:23:17]} 7. Nf3 {[%clk 1:16:00]} Nf6 {[%clk 1:18:36]} 8. e3
{[%clk 1:15:13]} O-O {[%clk 1:13:04]} 9. Bd3 {[%clk 1:10:49]} d6 {[%clk 1:05:23]}
10. O-O {[%clk 1:09:32]} Ne4 {[%clk 0:58:23]} 11. Qc2 {[%clk 1:08:29]} Nd7 {[%clk
0:49:38]} 12. Nd2 {[%clk 0:52:25]} Ndf6 {[%clk 0:29:16]} 13. f3 {[%clk 0:43:54]}
Ng5 {[%clk 0:25:34]} 14. d5 {[%clk 0:36:39]} g6 {[%clk 0:11:50]} 15. e4 {[%clk
0:27:02]} fxe4 {[%clk 0:08:10]} 16. fxe4 {[%clk 0:22:27]} exd5 {[%clk 0:06:44]}
17. cxd5 {[%clk 0:22:37]} Qe7 {[%clk 0:06:11]} 18. h4 {[%clk 0:19:32]} Nf7 {[%clk
0:06:01]} 19. Nf3 {[%clk 0:18:31]} Nd7 {[%clk 0:05:11]} 20. Qxc7 {[%clk 0:17:09]}
Rab8 {[%clk 0:05:39]} 21. Bb5 {[%clk 0:13:46]} Bc8 {[%clk 0:00:47]} 22. Ng5
{[%clk 0:06:10]} Nxg5 {[%clk 0:00:32]} 23. Bxg5 {[%clk 0:06:35]} Qxe4 {[%clk
0:00:29]} 24. Rxf8+ {[%clk 0:06:49]} Kxf8 {[%clk 0:01:00]} 25. Rf1+ {[%clk
0:06:54]} Kg7 {[%clk 0:00:40]} 26. Bxd7 {[%clk 0:06:34]} Bxd7 {[%clk 0:00:31]}
27. Qxd7+ {[%clk 0:06:56]} Kh8 {[%clk 0:00:54]} 28. Bf6+ {[%clk 0:07:19]} Kg8
{[%clk 0:01:14]} 29. Qg7# {[%clk 0:00:03]} 1-0

[Event "U12-U20 French Championships"]
[Site "chess24.com"]
[Date "2019.04.16"]
[Round "4"]
[White "Hamon, Elisa"]
[Black "Gospodaru, Teodora"]
[Result "1/2-1/2"]
[Board "26"]
[WhiteElo "1641"]
[WhiteCountry "FRA"]
[WhiteFideId "36048291"]
[WhiteEloChange "6"]
[BlackElo "1888"]
[BlackCountry "FRA"]
[BlackFideId "26089661"]
[BlackEloChange "-6"]

1. e4 {[%clk 1:30:57]} c5 {[%clk 1:30:55]} 2. Nf3 {[%clk 1:31:03]} Nc6 {[%clk
1:31:20]} 3. d4 {[%clk 1:30:57]} cxd4 {[%clk 1:31:45]} 4. Nxd4 {[%clk 1:31:23]}
g6 {[%clk 1:32:11]} 5. Nc3 {[%clk 1:30:23]} Bg7 {[%clk 1:32:37]} 6. Be3 {[%clk
1:28:43]} Nf6 {[%clk 1:33:01]} 7. Bc4 {[%clk 1:27:07]} O-O {[%clk 1:33:22]} 8.
O-O {[%clk 1:23:59]} Nxe4 {[%clk 1:31:17]} 9. Bxf7+ {[%clk 1:18:12]} Rxf7 {[%clk
1:31:12]} 10. Nxe4 {[%clk 1:18:37]} d5 {[%clk 1:23:40]} 11. Ng5 {[%clk 1:15:52]}
Rf6 {[%clk 1:22:44]} 12. f4 {[%clk 1:13:16]} h6 {[%clk 1:11:39]} 13. Ngf3 {[%clk
1:13:19]} Rf8 {[%clk 1:07:52]} 14. c3 {[%clk 1:05:41]} Nxd4 {[%clk 1:00:10]} 15.
Nxd4 {[%clk 1:05:07]} Qd6 {[%clk 0:57:41]} 16. Nb5 {[%clk 0:54:54]} Qd8 {[%clk
0:18:22]} 17. Nxa7 {[%clk 0:50:56]} Bf5 {[%clk 0:39:40]} 18. Nb5 {[%clk 0:49:53]}
Qd7 {[%clk 0:38:13]} 19. Nd4 {[%clk 0:47:54]} Be4 {[%clk 0:37:56]} 20. h3 {[%clk
0:42:36]} Rae8 {[%clk 0:26:27]} 21. Qg4 {[%clk 0:35:29]} Qxg4 {[%clk 0:24:32]}
22. hxg4 {[%clk 0:33:31]} e5 {[%clk 0:24:01]} 23. fxe5 {[%clk 0:33:17]} Rxe5
{[%clk 0:22:03]} 24. Rxf8+ {[%clk 0:29:37]} Bxf8 {[%clk 0:22:27]} 25. Bf4 {[%clk
0:29:15]} Re8 {[%clk 0:21:16]} 26. Re1 {[%clk 0:28:41]} Kh7 {[%clk 0:18:31]} 27.
Nb5 {[%clk 0:21:11]} Bc5+ {[%clk 0:16:39]} 28. Kh2 {[%clk 0:19:30]} Re6 {[%clk
0:12:06]} 29. Nc7 {[%clk 0:17:03]} Rf6 {[%clk 0:11:33]} 30. Bg3 {[%clk 0:15:47]}
Bb6 {[%clk 0:07:24]} 31. c4 {[%clk 0:11:16]} Bxc7 {[%clk 0:06:48]} 32. Bxc7
{[%clk 0:11:32]} Rf2 {[%clk 0:06:44]} 33. cxd5 {[%clk 0:08:59]} Rxg2+ {[%clk
0:06:13]} 34. Kh3 {[%clk 0:08:10]} Bxd5 {[%clk 0:06:28]} 35. Re7+ {[%clk
0:07:40]} 1/2-1/2

[Event "U12-U20 French Championships"]
[Site "chess24.com"]
[Date "2019.04.16"]
[Round "4"]
[White "Razafindratsima, Timothe"]
[Black "Verhille, Elie"]
[Result "1-0"]
[Board "30"]
[WhiteElo "2181"]
[WhiteCountry "FRA"]
[WhiteFideId "36069884"]
[WhiteEloChange "4"]
[BlackElo "1960"]
[BlackCountry "FRA"]
[BlackFideId "36044385"]
[BlackEloChange "-4"]

1. e4 {[%clk 1:30:59]} e6 {[%clk 1:30:57]} 2. d4 {[%clk 1:31:02]} d5 {[%clk
1:31:24]} 3. Nd2 {[%clk 1:31:18]} Nf6 {[%clk 1:31:44]} 4. e5 {[%clk 1:31:39]}
Nfd7 {[%clk 1:32:09]} 5. Bd3 {[%clk 1:31:58]} c5 {[%clk 1:32:34]} 6. c3 {[%clk
1:32:19]} Nc6 {[%clk 1:32:59]} 7. Ngf3 {[%clk 1:32:40]} g6 {[%clk 1:32:29]} 8. h4
{[%clk 1:32:17]} h6 {[%clk 1:32:52]} 9. Nf1 {[%clk 1:31:05]} Bg7 {[%clk 1:33:09]}
10. Ng3 {[%clk 1:31:24]} Rb8 {[%clk 1:28:43]} 11. Qe2 {[%clk 1:26:34]} a5 {[%clk
1:23:49]} 12. h5 {[%clk 1:21:18]} g5 {[%clk 1:22:48]} 13. Be3 {[%clk 1:21:07]} a4
{[%clk 1:03:17]} 14. O-O {[%clk 1:17:48]} Qa5 {[%clk 1:00:14]} 15. Nh2 {[%clk
1:10:00]} b5 {[%clk 0:57:38]} 16. f4 {[%clk 0:57:44]} b4 {[%clk 0:40:49]} 17.
fxg5 {[%clk 0:43:02]} bxc3 {[%clk 0:33:46]} 18. gxh6 {[%clk 0:29:02]} Bxe5 {[%clk
0:25:42]} 19. dxe5 {[%clk 0:25:12]} Ndxe5 {[%clk 0:24:40]} 20. bxc3 {[%clk
0:14:27]} Qxc3 {[%clk 0:22:25]} 21. Rac1 {[%clk 0:09:00]} Qxd3 {[%clk 0:21:57]}
22. Rxc5 {[%clk 0:09:29]} Qxe2 {[%clk 0:21:02]} 23. Nxe2 {[%clk 0:09:58]} Ba6
{[%clk 0:19:13]} 24. Re1 {[%clk 0:09:10]} Kd7 {[%clk 0:17:15]} 25. Nd4 {[%clk
0:00:49]} Nxd4 {[%clk 0:13:59]} 26. Bxd4 {[%clk 0:09:21]} Nd3 {[%clk 0:14:23]}
27. Bxh8 {[%clk 0:08:10]} Rxh8 {[%clk 0:14:53]} 28. Ra5 {[%clk 0:08:32]} Nxe1
{[%clk 0:15:01]} 29. Rxa6 {[%clk 0:08:57]} Rxh6 {[%clk 0:14:58]} 30. Ng4 {[%clk
0:08:42]} Rh8 {[%clk 0:14:57]} 31. h6 {[%clk 0:08:19]} Nd3 {[%clk 0:10:03]} 32.
Ra7+ {[%clk 0:08:21]} Kd6 {[%clk 0:08:14]} 33. Rxf7 {[%clk 0:08:46]} Nb4 {[%clk
0:07:41]} 34. h7 {[%clk 0:08:03]} e5 {[%clk 0:06:54]} 35. Nf6 {[%clk 0:08:10]}
Ke6 {[%clk 0:06:52]} 36. Rf8 {[%clk 0:08:31]} Rxf8 {[%clk 0:06:45]} 37. Ng8
{[%clk 0:08:56]} Kf7 {[%clk 0:05:11]} 38. h8Q {[%clk 0:09:16]} Rxg8 {[%clk
0:05:36]} 39. Qxe5 {[%clk 0:09:35]} Nxa2 {[%clk 0:05:03]} 40. Qxd5+ {[%clk
0:09:58]} Kg7 {[%clk 0:05:25]} 41. Qxa2 {[%clk 0:10:22]} Rf8 {[%clk 0:05:29]} 42.
Qxa4 {[%clk 0:10:44]} Rf6 {[%clk 0:05:48]} 43. g4 {[%clk 0:11:08]} Kg6 {[%clk
0:06:09]} 44. Kg2 {[%clk 0:11:32]} Kg5 {[%clk 0:06:04]} 45. Kg3 {[%clk 0:11:55]}
Rc6 {[%clk 0:06:21]} 46. Qb5+ {[%clk 0:12:17]} 1-0

[Event "U12-U20 French Championships"]
[Site "chess24.com"]
[Date "2019.04.16"]
[Round "4"]
[White "Chenevat, Montaine"]
[Black "Cornileau, Juliette"]
[Result "1/2-1/2"]
[Board "32"]
[WhiteElo "1430"]
[WhiteCountry "FRA"]
[WhiteFideId "45109583"]
[WhiteEloChange "7"]
[BlackElo "1705"]
[BlackCountry "FRA"]
[BlackFideId "36083372"]
[BlackEloChange "-7"]

1. d4 {[%clk 1:30:58]} d5 {[%clk 1:30:54]} 2. Nf3 {[%clk 1:31:09]} c6 {[%clk
1:30:32]} 3. Bf4 {[%clk 1:31:08]} Bf5 {[%clk 1:29:48]} 4. e3 {[%clk 1:31:06]} Nf6
{[%clk 1:29:17]} 5. h3 {[%clk 1:30:16]} h6 {[%clk 1:26:28]} 6. Bd3 {[%clk
1:27:38]} Bxd3 {[%clk 1:23:07]} 7. Qxd3 {[%clk 1:26:18]} e6 {[%clk 1:23:09]} 8.
Nbd2 {[%clk 1:21:15]} Bd6 {[%clk 1:21:53]} 9. Ne5 {[%clk 1:19:50]} Qc7 {[%clk
1:18:02]} 10. Ndf3 {[%clk 1:14:51]} Ne4 {[%clk 1:13:13]} 11. O-O {[%clk 1:12:00]}
Nd7 {[%clk 0:55:01]} 12. c4 {[%clk 0:58:48]} Qd8 {[%clk 0:44:17]} 13. c5 {[%clk
0:42:13]} Bc7 {[%clk 0:32:01]} 14. b4 {[%clk 0:38:41]} Ng5 {[%clk 0:26:33]} 15.
Rab1 {[%clk 0:20:36]} Nxf3+ {[%clk 0:24:40]} 16. Nxf3 {[%clk 0:20:41]} Bxf4
{[%clk 0:24:27]} 17. exf4 {[%clk 0:20:54]} Qf6 {[%clk 0:24:27]} 18. Qd2 {[%clk
0:21:07]} O-O {[%clk 0:24:27]} 19. b5 {[%clk 0:11:01]} Rab8 {[%clk 0:24:57]} 20.
Qa5 {[%clk 0:03:43]} Qxf4 {[%clk 0:24:44]} 21. bxc6 {[%clk 0:09:30]} bxc6 {[%clk
0:24:38]} 22. Qxa7 {[%clk 0:08:15]} Rfd8 {[%clk 0:21:28]} 23. Qa6 {[%clk
0:05:12]} Qc7 {[%clk 0:21:41]} 24. Rb3 {[%clk 0:05:20]} Ra8 {[%clk 0:20:20]} 25.
Qe2 {[%clk 0:04:32]} Ra7 {[%clk 0:19:23]} 26. Qb2 {[%clk 0:04:17]} Rda8 {[%clk
0:19:22]} 27. a3 {[%clk 0:04:26]} Rb8 {[%clk 0:17:08]} 28. Rxb8+ {[%clk 0:04:38]}
Nxb8 {[%clk 0:16:39]} 29. Rb1 {[%clk 0:04:33]} Nd7 {[%clk 0:16:11]} 30. Qb4
{[%clk 0:03:31]} Kh7 {[%clk 0:15:38]} 31. Ne1 {[%clk 0:03:20]} Qf4 {[%clk
0:13:32]} 32. Nd3 {[%clk 0:02:57]} Qe4 {[%clk 0:13:37]} 33. Qc3 {[%clk 0:02:21]}
Kg8 {[%clk 0:12:32]} 34. Re1 {[%clk 0:01:43]} Qf5 {[%clk 0:11:52]} 35. Nb4 {[%clk
0:02:01]} Rc7 {[%clk 0:11:03]} 36. a4 {[%clk 0:01:34]} Qf6 {[%clk 0:10:22]} 37.
Qa1 {[%clk 0:01:31]} Qd8 {[%clk 0:10:10]} 38. a5 {[%clk 0:01:47]} Qa8 {[%clk
0:10:30]} 39. Qa4 {[%clk 0:01:27]} Nb8 {[%clk 0:10:10]} 40. Ra1 {[%clk 0:01:10]}
Ra7 {[%clk 0:10:19]} 41. a6 {[%clk 0:00:46]} Kh8 {[%clk 0:09:58]} 42. Qa5 {[%clk
0:01:09]} Nd7 {[%clk 0:09:51]} 43. Qa4 {[%clk 0:00:26]} Nb8 {[%clk 0:10:16]} 44.
Qa5 {[%clk 0:01:26]} Nd7 {[%clk 0:10:41]} 1/2-1/2

[Event "U12-U20 French Championships"]
[Site "chess24.com"]
[Date "2019.04.16"]
[Round "4"]
[White "Kuhn, Mathilde"]
[Black "David, Marie"]
[Result "1-0"]
[Board "33"]
[WhiteElo "1608"]
[WhiteCountry "FRA"]
[WhiteFideId "36099783"]
[WhiteEloChange "8"]
[BlackElo "1524"]
[BlackCountry "FRA"]
[BlackFideId "36051217"]
[BlackEloChange "-8"]

1. d4 {[%clk 1:30:57]} d5 {[%clk 1:30:52]} 2. Nf3 {[%clk 1:31:14]} e6 {[%clk
1:30:43]} 3. e3 {[%clk 1:31:11]} c6 {[%clk 1:30:24]} 4. Bd3 {[%clk 1:30:07]} Bd6
{[%clk 1:30:00]} 5. O-O {[%clk 1:29:05]} f5 {[%clk 1:18:10]} 6. c4 {[%clk
1:25:31]} Nf6 {[%clk 1:12:26]} 7. Nc3 {[%clk 1:22:03]} O-O {[%clk 1:03:08]} 8.
Qc2 {[%clk 1:18:50]} Ne4 {[%clk 1:01:22]} 9. cxd5 {[%clk 1:12:08]} exd5 {[%clk
1:01:21]} 10. Ne5 {[%clk 1:02:20]} Qe7 {[%clk 0:35:48]} 11. f4 {[%clk 0:56:48]}
Be6 {[%clk 0:27:54]} 12. Bd2 {[%clk 0:52:08]} Nd7 {[%clk 0:26:04]} 13. a3 {[%clk
0:47:15]} Rf6 {[%clk 0:19:56]} 14. b4 {[%clk 0:40:13]} a6 {[%clk 0:16:04]} 15.
Na4 {[%clk 0:36:21]} Rh6 {[%clk 0:12:08]} 16. Be1 {[%clk 0:35:11]} b5 {[%clk
0:06:55]} 17. Nxc6 {[%clk 0:28:42]} Qe8 {[%clk 0:06:38]} 18. Bxe4 {[%clk
0:26:18]} fxe4 {[%clk 0:05:16]} 19. Nc3 {[%clk 0:24:38]} Qh5 {[%clk 0:02:59]} 20.
Bg3 {[%clk 0:23:34]} Rc8 {[%clk 0:02:24]} 21. Ne5 {[%clk 0:22:35]} Bxe5 {[%clk
0:00:41]} 22. dxe5 {[%clk 0:20:45]} Bf7 {[%clk 0:00:37]} 23. Rac1 {[%clk
0:19:12]} Rhc6 {[%clk 0:00:40]} 24. Qd2 {[%clk 0:18:50]} Nb6 {[%clk 0:00:48]} 25.
Qd4 {[%clk 0:16:31]} Nc4 {[%clk 0:00:35]} 26. Nxd5 {[%clk 0:14:35]} Nxe3 {[%clk
0:00:38]} 27. Rxc6 {[%clk 0:13:58]} Rxc6 {[%clk 0:00:52]} 28. Ne7+ {[%clk
0:13:22]} Kf8 {[%clk 0:01:07]} 29. Qd8+ {[%clk 0:12:42]} Be8 {[%clk 0:01:15]} 30.
Nxc6 {[%clk 0:12:40]} Qe2 {[%clk 0:00:45]} 31. Qe7+ {[%clk 0:12:48]} Kg8 {[%clk
0:01:07]} 32. Qxe8# {[%clk 0:13:13]} 1-0

[Event "U12-U20 French Championships"]
[Site "chess24.com"]
[Date "2019.04.16"]
[Round "4"]
[White "Bui, Christopher"]
[Black "Maurizzi, Marc Andria"]
[Result "0-1"]
[Board "35"]
[WhiteElo "1708"]
[WhiteCountry "FRA"]
[WhiteFideId "45107998"]
[WhiteEloChange "-2"]
[BlackTitle "FM"]
[BlackElo "2276"]
[BlackCountry "FRA"]
[BlackFideId "36083534"]
[BlackEloChange "2"]

1. c4 {[%clk 1:30:57]} b6 {[%clk 1:30:43]} 2. g3 {[%clk 1:30:58]} Bb7 {[%clk
1:31:08]} 3. Nf3 {[%clk 1:31:11]} f5 {[%clk 1:30:44]} 4. Bg2 {[%clk 1:30:53]} Nf6
{[%clk 1:31:08]} 5. O-O {[%clk 1:30:38]} g6 {[%clk 1:31:35]} 6. b3 {[%clk
1:29:17]} Bg7 {[%clk 1:31:53]} 7. Bb2 {[%clk 1:29:40]} O-O {[%clk 1:32:10]} 8. e3
{[%clk 1:29:26]} e6 {[%clk 1:26:07]} 9. Qe2 {[%clk 1:21:40]} Qe7 {[%clk 1:21:02]}
10. d4 {[%clk 1:14:16]} d6 {[%clk 1:20:23]} 11. Nc3 {[%clk 1:06:57]} Nbd7 {[%clk
1:18:05]} 12. Rad1 {[%clk 1:02:51]} c5 {[%clk 1:10:02]} 13. Rfe1 {[%clk 0:55:20]}
Ne4 {[%clk 1:01:33]} 14. h4 {[%clk 0:44:39]} Ndf6 {[%clk 0:52:17]} 15. Nd2 {[%clk
0:36:02]} Nxc3 {[%clk 0:49:13]} 16. Bxc3 {[%clk 0:36:24]} Bxg2 {[%clk 0:49:33]}
17. Kxg2 {[%clk 0:00:28]} Nh5 {[%clk 0:45:49]} 18. Rh1 {[%clk 0:26:03]} f4 {[%clk
0:42:06]} 19. exf4 {[%clk 0:25:39]} cxd4 {[%clk 0:42:07]} 20. Bb4 {[%clk
0:25:56]} Rxf4 {[%clk 0:41:14]} 21. Kg1 {[%clk 0:19:23]} Rff8 {[%clk 0:34:36]}
22. Ne4 {[%clk 0:17:12]} Rad8 {[%clk 0:34:41]} 23. Ba3 {[%clk 0:15:59]} e5 {[%clk
0:32:50]} 24. Ng5 {[%clk 0:11:22]} h6 {[%clk 0:30:49]} 25. Ne4 {[%clk 0:11:04]}
Nf6 {[%clk 0:30:11]} 26. Nxf6+ {[%clk 0:10:09]} Qxf6 {[%clk 0:29:49]} 27. Kg2
{[%clk 0:15:26]} Rde8 {[%clk 0:14:44]} 28. Rhf1 {[%clk 0:09:11]} e4 {[%clk
0:14:42]} 29. Bb2 {[%clk 0:00:50]} d3 {[%clk 0:15:07]} 0-1

[Event "U12-U20 French Championships"]
[Site "chess24.com"]
[Date "2019.04.16"]
[Round "4"]
[White "Bat, Bilguun"]
[Black "Kufferath, Camille"]
[Result "1-0"]
[Board "36"]
[WhiteElo "2163"]
[WhiteCountry "FRA"]
[WhiteFideId "45120498"]
[WhiteEloChange "2"]
[BlackElo "1652"]
[BlackCountry "FRA"]
[BlackFideId "45179611"]
[BlackEloChange "-2"]

1. d4 {[%clk 1:30:54]} Nf6 {[%clk 1:30:35]} 2. Nf3 {[%clk 1:31:18]} g6 {[%clk
1:30:48]} 3. Nc3 {[%clk 1:31:17]} Bg7 {[%clk 1:30:52]} 4. e4 {[%clk 1:31:40]} d6
{[%clk 1:31:04]} 5. Bf4 {[%clk 1:32:03]} O-O {[%clk 1:28:54]} 6. Qd2 {[%clk
1:32:25]} c5 {[%clk 1:27:58]} 7. d5 {[%clk 1:30:48]} Qa5 {[%clk 1:24:37]} 8. Bd3
{[%clk 1:25:44]} b5 {[%clk 1:18:48]} 9. Nxb5 {[%clk 1:25:34]} Qb6 {[%clk
1:11:16]} 10. c3 {[%clk 1:21:58]} Nxe4 {[%clk 1:05:39]} 11. Bxe4 {[%clk 1:18:10]}
Qxb5 {[%clk 1:04:51]} 12. h4 {[%clk 1:08:36]} Ba6 {[%clk 0:52:06]} 13. O-O-O
{[%clk 1:01:30]} Qc4 {[%clk 0:44:52]} 14. Bb1 {[%clk 0:58:00]} Bb7 {[%clk
0:42:37]} 15. Bh6 {[%clk 0:53:53]} Qxd5 {[%clk 0:36:41]} 16. Qxd5 {[%clk
0:46:56]} Bxh6+ {[%clk 0:36:40]} 17. Qg5 {[%clk 0:45:59]} Bxg5+ {[%clk 0:36:59]}
18. hxg5 {[%clk 0:46:19]} Nc6 {[%clk 0:33:03]} 19. Rh4 {[%clk 0:42:44]} Kg7
{[%clk 0:32:43]} 20. Be4 {[%clk 0:37:55]} Rab8 {[%clk 0:31:38]} 21. Rdh1 {[%clk
0:32:40]} Rh8 {[%clk 0:31:35]} 22. Bxc6 {[%clk 0:32:39]} Bxc6 {[%clk 0:31:37]}
23. Ne1 {[%clk 0:32:56]} Bb5 {[%clk 0:28:41]} 24. Nc2 {[%clk 0:31:28]} a6 {[%clk
0:27:24]} 25. Ne3 {[%clk 0:31:42]} e6 {[%clk 0:27:23]} 26. Ng4 {[%clk 0:31:46]}
Bc6 {[%clk 0:27:07]} 27. Nf6 {[%clk 0:32:05]} h5 {[%clk 0:27:27]} 28. R1h2 {[%clk
0:31:24]} d5 {[%clk 0:21:34]} 29. g4 {[%clk 0:31:33]} hxg4 {[%clk 0:21:55]} 30.
Rh7+ {[%clk 0:31:57]} 1-0